000 00380nam a22001457a 4500
003 MACL
005 20200222162210.0
008 200222b xxu||||| |||| 00| 0 eng d
040 _cMACL
100 _aDesai, Subhadra
_978371
245 _aIndian Women Seers and Their Songs
260 _aDelhi
_bAryan Books International
_c2017
650 _aReligion
_978372
942 _2ddc
_cBK
999 _c62194
_d62194